Prices matter: Analysis of Food and Energy Competition Relative to Land Resources in the European Union

Historický prehľad EÚ v oblasti biopalív. Diskusia potraviny versus palivo. Prečo môže byť diskusia o potravinách a palivách v Európskej únii zavádzajúca.

Na minha lista:
Detalhes bibliográficos
Autor principal: Wesseler, Justus
Outros Autores: Drábik, Dušan
Formato: Capítulo de Livro
Idioma:inglês
Assuntos:
Tags: Adicionar Tag
Sem tags, seja o primeiro a adicionar uma tag!

MARC

LEADER 00000nla a2200000 4500
001 0242337
005 20221007085908.2
041 0 |a eng 
044 |a NL 
245 1 0 |a Prices matter: Analysis of Food and Energy Competition Relative to Land Resources in the European Union  |c Justus Wesseler, Dušan Drábik 
520 |a Historický prehľad EÚ v oblasti biopalív. Diskusia potraviny versus palivo. Prečo môže byť diskusia o potravinách a palivách v Európskej únii zavádzajúca. 
610 2 0 |a zvyšovanie cien 
610 2 0 |a Európska únia 
610 2 0 |a Európsky ekonomický priestor 
610 2 0 |a potraviny 
610 2 0 |a palivá 
610 2 0 |a energetika 
610 2 0 |a pôda 
610 2 0 |a biopalivá 
100 1 |a Wesseler, Justus 
700 1 |a Drábik, Dušan